Classical electrodynamics / (Record no. 478383)
[ view plain ]
| 000 -LEADER | |
|---|---|
| fixed length control field | 01110pam a2200301 a 4500 |
| 001 - CONTROL NUMBER | |
| control field | 4491764 |
| 003 - CONTROL NUMBER IDENTIFIER | |
| control field | NUST |
| 005 - DATE AND TIME OF LATEST TRANSACTION | |
| control field | 20180525111634.0 |
| 008 - FIXED-LENGTH DATA ELEMENTS--GENERAL INFORMATION | |
| fixed length control field | 971204s1999 nyua b 001 0 eng |
| 010 ## - LIBRARY OF CONGRESS CONTROL NUMBER | |
| LC control number | 97046873 |
| 020 ## - INTERNATIONAL STANDARD BOOK NUMBER | |
| International Standard Book Number | 978-81-265-1094-8 |
| 038 ## - RECORD CONTENT LICENSOR | |
| Staff Name | SNS |
| 040 ## - CATALOGING SOURCE | |
| Original cataloging agency | DLC |
| Transcribing agency | DLC |
| Modifying agency | DLC |
| 050 00 - LIBRARY OF CONGRESS CALL NUMBER | |
| Classification number | QC631 |
| Item number | .J3 1999 |
| 082 00 - DEWEY DECIMAL CLASSIFICATION NUMBER | |
| Classification number | 537.6 JAC |
| Edition number | 21 |
| 100 1# - MAIN ENTRY--PERSONAL NAME | |
| Personal name | Jackson, John David, |
| 9 (RLIN) | 8813 |
| 245 10 - TITLE STATEMENT | |
| Title | Classical electrodynamics / |
| Statement of responsibility, etc. | John David Jackson. |
| 250 ## - EDITION STATEMENT | |
| Edition statement | 3rd ed. |
| 260 ## - PUBLICATION, DISTRIBUTION, ETC. | |
| Place of publication, distribution, etc. | New York : |
| Name of publisher, distributor, etc. | Wiley, |
| Date of publication, distribution, etc. | c1999. |
| 300 ## - PHYSICAL DESCRIPTION | |
| Extent | xxi, 808 p. : |
| Other physical details | ill. ; |
| Dimensions | 26 cm. |
| 504 ## - BIBLIOGRAPHY, ETC. NOTE | |
| Bibliography, etc. note | Includes bibliographical references (p. 785-790) and index. |
| 650 #0 - SUBJECT ADDED ENTRY--TOPICAL TERM | |
| Topical term or geographic name entry element | Electrodynamics. |
| 9 (RLIN) | 4606 |
| 856 42 - ELECTRONIC LOCATION AND ACCESS | |
| Materials specified | Publisher description |
| Uniform Resource Identifier | <a href="http://www.loc.gov/catdir/description/wiley033/97046873.html">http://www.loc.gov/catdir/description/wiley033/97046873.html</a> |
| 856 4# - ELECTRONIC LOCATION AND ACCESS | |
| Materials specified | Table of Contents |
| Uniform Resource Identifier | <a href="http://www.loc.gov/catdir/toc/onix04/97046873.html">http://www.loc.gov/catdir/toc/onix04/97046873.html</a> |
| 906 ## - LOCAL DATA ELEMENT F, LDF (RLIN) | |
| a | 7 |
| b | cbc |
| c | orignew |
| d | 1 |
| e | ocip |
| f | 19 |
| g | y-gencatlg |
| 942 ## - ADDED ENTRY ELEMENTS (KOHA) | |
| Source of classification or shelving scheme | |
| Koha item type | Book |
| Withdrawn status | Lost status | Source of classification or shelving scheme | Damaged status | Not for loan | Permanent Location | Current Location | Shelving location | Date acquired | Total Checkouts | Full call number | Barcode | Date last seen | Date last checked out | Price effective from | Koha item type | Total Renewals |
|---|---|---|---|---|---|---|---|---|---|---|---|---|---|---|---|---|
| School of Natural Sciences (SNS) | School of Natural Sciences (SNS) | Book Cart | 05/25/2018 | 2 | 537.6 JAC | SNS0002473 | 09/12/2023 | 02/12/2020 | 05/25/2018 | Book | ||||||
| School of Natural Sciences (SNS) | School of Natural Sciences (SNS) | Book Cart | 05/25/2018 | 8 | 537.6 JAC | SNS0002474 | 11/19/2025 | 10/22/2025 | 05/25/2018 | Book | 6 | |||||
| School of Natural Sciences (SNS) | School of Natural Sciences (SNS) | Book Cart | 05/25/2018 | 5 | 537.6 JAC | SNS0002475 | 01/10/2025 | 09/10/2024 | 05/25/2018 | Book | ||||||
| School of Natural Sciences (SNS) | School of Natural Sciences (SNS) | Book Cart | 05/25/2018 | 6 | 537.6 JAC | SNS0002476 | 01/22/2026 | 12/16/2025 | 05/25/2018 | Book | 1 | |||||
| School of Natural Sciences (SNS) | School of Natural Sciences (SNS) | General Stacks | 03/05/2020 | 5 | 537.6 JAC | SNS0002082 | 01/22/2026 | 09/10/2024 | 03/05/2020 | Book | 1 |
